Plus vieux ou plus jeune que... Michel Drucker ? #1 - Statistiques

Statistiques générales
  • Ce quiz a été pris 291 fois
  • Le résultat moyen est 17 sur 29
Statistiques - réponses
Hint Réponse % Correct
Le Taj Mahal Plus vieux
85%
La Tour Eiffel Plus vieux
85%
Les feux de l'amour Plus jeune
76%
La première coupe du monde de Football Plus vieux
74%
La Marque "Citroën" Plus vieux
73%
La carte de crédit Plus jeune
71%
Le droit de vote des femmes en France Plus jeune
68%
La Vème république Française Plus jeune
66%
Lego Plus vieux
66%
Ikea Plus jeune
65%
Johnny Hallyday Plus jeune
64%
Le mur de Berlin Plus jeune
61%
Le ruban adhésif Plus vieux
61%
Coluche Plus jeune
60%
Jacques Brel Plus vieux
60%
Jacques Chirac Plus vieux
60%
Daniel Balavoine Plus jeune
55%
Barbie Plus jeune
54%
M&m's Plus vieux
52%
Magasin "Carrefour" Plus jeune
51%
Nutella Plus jeune
49%
Orangina Plus vieux
47%
Début de la 2ème guerre mondiale Plus vieux
47%
Découverte du vaccin contre la "poliomyélite" Plus jeune
45%
La télévision Plus vieux
38%
Adidas Plus jeune
36%
Air France Plus vieux
35%
Stade Vélodrome Plus vieux
35%
George W. Bush Plus jeune
34%
Aucun quiz correspondant
Distribution des résultats
% des personnes avec chaque résultat
Percentile par nombre de réponses
Votre historique - résultats
Vous n’avez pas pris ce quiz